Paroles - Le duel, Roméo et Juliette - Statistiques

Statistiques générales
  • Ce quiz a été pris 43 fois
  • Le résultat moyen est 322 sur 363
Statistiques - réponses
Paroles % Correct
!
100%
à
97%
a
97%
de
97%
De
97%
(De
97%
en
97%
En
97%
es
97%
Et
97%
et
97%
me
97%
mourir
97%
pire
97%
sa
97%
Tout,
97%
tout
97%
tu
97%
Tu
97%
va
97%
vas
97%
âme
94%
Arrêtez,
94%
Arrêtez
94%
droit
94%
droit,
94%
êtes
94%
façon
94%
fini
94%
fous,
94%
je
94%
la
94%
La
94%
Le
94%
le
94%
lois
94%
ma
94%
mais
94%
Mercutio,
94%
n'avez
94%
ne
94%
Ne
94%
n'es
94%
non,
94%
non
94%
Non,
94%
nos
94%
on
94%
pas
94%
que
94%
qu'un
94%
rire
94%
s'aimer
94%
s'aimer...
94%
Sans
94%
sans
94%
se
94%
Se
94%
son
94%
ta
94%
te
94%
Te
94%
toi,
94%
toi
94%
Ton
94%
ton
94%
tous
94%
tuer
94%
un
94%
Un
94%
vais
94%
Vivre,
94%
vivre
94%
Vivre
94%
(Vivre)
94%
(Vivre,
94%
vivre,
94%
vivre…
94%
voix,
94%
vous
94%
as
90%
bouche
90%
bouffon,
90%
ça
90%
c'est
90%
C'est
90%
Depuis
90%
donne
90%
enfance
90%
Enfin
90%
être
90%
haïr,
90%
idée
90%
idées
90%
j'entends
90%
les
90%
l'esprit
90%
marcher
90%
même
90%
n'ai
90%
n'as
90%
nausée
90%
nez
90%
nom,
90%
notre
90%
nous
90%
patience
90%
quand
90%
qu'une
90%
raté
90%
récompensée
90%
tuant,
90%
Tybalt,
90%
veut
90%
courir
87%
crois
87%
crois,
87%
Maintenant
87%
parler
87%
poète
87%
Pour
87%
pour
87%
respecter
87%
terminé
87%
tuerez
87%
y
87%
comme
84%
d'amour
84%
n'est
84%
qui
84%
vos
84%
attend
81%
boite
81%
chance
81%
chien
81%
courage
81%
est
81%
fat,
81%
femmes
81%
lâche
81%
mort
81%
plein
81%
rage
81%
Roméo,
81%
tendresse
81%
vautours
81%
vengeance
81%
vie
81%
armes
77%
attendent
77%
attendez
77%
croit
77%
faiblesse
77%
faites
77%
faute
77%
haine,
77%
heure,
77%
l'erreur,
77%
mères,
77%
trop
77%
voilà
77%
vôtre
77%
aiment,
74%
ceux
74%
comprendre,
74%
oh)
74%
Oh,
74%
oh,
74%
oh…
74%
pisses
74%
théâtre
74%
ensemble
71%
Ivres
71%
libre)
71%
libre…
71%
Oubliez
71%
rangez
71%
regarde-toi
71%
roi,
71%
battre
68%
boire
68%
Il
68%
suivre,
68%
Libres,
65%
libres
65%
longtemps,
65%
Qu'est-ce
65%
refuser
65%
refuser)
65%
vieillir
65%
grâce
61%
hait
61%
si
61%
tant,
61%
[Chœur]
3%
Aucun quiz correspondant
Distribution des résultats
% des personnes avec chaque résultat
Percentile par nombre de réponses
Votre historique - résultats
Vous n’avez pas pris ce quiz